| 000 | 00405nam a2200169Ia 4500 | ||
|---|---|---|---|
| 008 | 230524s9999 xx 000 0 und d | ||
| 020 | _a9812402583 | ||
| 082 |
_a621.38132 _bMIL |
||
| 100 | _aMichael A.Miller | ||
| 245 | 0 | _aData & Network Communications | |
| 250 | _a3RD | ||
| 260 |
_aNEW DELHI _bVikas _c2000 |
||
| 300 | _a522 | ||
| 500 | _aQuantity Number: 2 | ||
| 650 | _aElectronics | ||
| 942 | _cBK | ||
| 999 |
_c6651 _d6651 |
||